| 000 | 01112cam a2200349 a 4500 | ||
|---|---|---|---|
| 001 | 4188 | ||
| 003 | FISKH | ||
| 005 | 20240626102832.0 | ||
| 008 | 910402s1992 maua j 000 1 eng | ||
| 010 | _a 91071858 | ||
| 020 | _a156402007X | ||
| 020 | _a9781844280568 | ||
| 040 |
_aDLC _cDLC _dDLC _beng |
||
| 050 | 0 | 0 | _aPZ7.W1137 |
| 082 | _a823.914 | ||
| 100 | 1 | _aWaddell, Martin. | |
| 245 | 1 | 0 |
_aCan't you sleep, Little Bear? / _cMartin Waddell ; illustrated by Barbara Firth. |
| 250 | _aThis edition published 2005 | ||
| 260 |
_aLondon : _bWalker Books, _c1988 |
||
| 300 |
_a29 unnumbered pages : _bcolor illustrations ; _c27 cm |
||
| 505 | _aJ | ||
| 520 | _aWhen bedtime comes Little Bear is afraid of the dark, until Big Bear brings him lights and love. | ||
| 521 | 8 |
_a450
_bLexile AD |
|
| 521 | 8 |
_aJ
_bRaz-Plus |
|
| 650 | 1 |
_aBears _vFiction. |
|
| 650 | 1 |
_aFear of the dark _vFiction. |
|
| 650 | 1 |
_aBedtime _vFiction. |
|
| 700 | 1 |
_aFirth, Barbara, _d1928-2013, _eillustrator |
|
| 906 |
_a7 _bcbc _corignew _d2 _eopcn _f19 _gy-gencatlg |
||
| 942 |
_2ddc _cBK _n0 |
||
| 999 |
_c4188 _d4188 |
||